| 000 | 00542cam a22002171 4500 | ||
|---|---|---|---|
| 001 | sa 68013061 | ||
| 003 | DLC | ||
| 005 | 20260227112619.0 | ||
| 008 | 890510r1963uuuuio 000 0 ind | ||
| 010 | _asa 68013061 | ||
| 035 | _a(OCoLC)23575540 | ||
| 040 |
_aDLC _cMiU _dDLC |
||
| 042 | _apremarc | ||
| 050 | 0 | 0 |
_aBJ1291 _b.A28 1963 |
| 100 | 1 | _aAffandie, J. Bachtiar. | |
| 245 | 1 | 0 | _aPegangan guru tentang achlak, |
| 250 | _a[Tjet. 3. | ||
| 260 |
_aDjakarta, _bJasana, _c1963] |
||
| 300 |
_a116 p. _c18 cm. |
||
| 650 | 0 | _aIslamic ethics | |
| 999 |
_c84922 _d84922 |
||